All the President's Men / (Record no. 615493)

000 -LEADER
fixed length control field 00377nam a22001457a 4500
020 ## - INTERNATIONAL STANDARD BOOK NUMBER
Qualifying information PB.
040 ## - CATALOGING SOURCE
Transcribing agency Fizza Ishaq
082 ## - DEWEY DECIMAL CLASSIFICATION NUMBER
Classification number 364.132
Author Mark CAR
100 ## - MAIN ENTRY--PERSONAL NAME
Personal name Woodward, Bob.
9 (RLIN) 37767
245 ## - TITLE STATEMENT
Title All the President's Men /
Statement of responsibility, etc. Bob Woodward.
250 ## - EDITION STATEMENT
Edition statement 2nd Ed.
260 ## - PUBLICATION, DISTRIBUTION, ETC.
Place of publication, distribution, etc. New York,
Name of publisher, distributor, etc. Simon & Schuster;
Date of publication, distribution, etc. 1994.
300 ## - PHYSICAL DESCRIPTION
Extent 349 P. ;
Dimensions 5.5 x 1 x 8.44 inches
942 ## - ADDED ENTRY ELEMENTS (KOHA)
Source of classification or shelving scheme
Koha item type Book
Holdings
Withdrawn status Lost status Source of classification or shelving scheme Damaged status Not for loan Permanent Location Current Location Shelving location Date acquired Total Checkouts Full call number Barcode Date last seen Price effective from Koha item type
          NUST Baluchistan Campus (NBC) NUST Baluchistan Campus (NBC) General Stacks 12/12/2025   364.132 CAR QD-506 12/12/2025 12/12/2025 Book
© 2023 Central Library, National University of Sciences and Technology. All Rights Reserved.